000 00865cam a2200289 4500
001 32368
003 BD-RjUL
005 20211209051826.0
008 140426s1970 nju b 001 0 eng d
020 _a0691030847
035 _a(BD-RjUL) 32457
040 _aDLC
_cDLC
_dDLC
_dBD-RjUL
_beng
041 _aeng
082 0 0 _a658.1142091767
_bUDP 1970
100 1 _aUdovitch, Abraham L.
_998474
245 1 0 _aPartnership and profit in medieval Islam /
_c Abraham L. Udovitch.
260 _aPrinceton, N.J. :
_bPrinceton University Press,
_c1970.
300 _axii, 282 p. ;
_c23 cm.
350 _a10.00
504 _aBibliography: p. 263-271. and Index
650 0 _aPartnership (Islamic law)
_998476
650 0 _aLaw, Medieval.
_911492
942 _2ddc
_cBK
999 _c32368
_d32368